000
00336nam a22001457a 4500
008
230329b ||||| |||| 00| 0 eng d
020
_a
2026245800
041
_a
eng
080
_a
621
082
_a
621AAS
100
_a
21
101
_a
MEKA
245
_a
A POLICY ON GEOMETRIC DESING OF HIGHWAYS AND STREETS
_c
AAS
942
_2
udc
_c
BK
999
_c
59475
_d
59475